000 00530nam a2200181Ia 4500
008 151202s9999||||xx |||||||||||||| ||und||
082 _bPNVM-55035
100 _aगोर्ले शिवराज.
245 _aबुलंद.
260 _bअंजी प्रकाशन पुणे.
260 _c1990
300 _a230
600 _aगोर्ले शिवराज.
630 _aबुलंद.
700 _aगोर्ले शिवराज.
730 _aबुलंद.
942 _cBOOK
999 _c1321573
_d1321570